000 01039nam a2200241 i 4500
001 171238
003 ES-MaACL
005 20250830080437.0
008 090506s1963 sp |||| | spa d
017 _aM 679-1963
100 1 _aCabreros de Anta, Marcelino
_933327
245 1 0 _aComentarios al Código de Derecho Canónico, con el texto legal latino y castellano.
_nI,
_pCánones 1-681 /
_cpor Marcelino Cabreros de Anta, Arturo Alonso Lobo, Sabino Alonso Morán ; prólogo de Francisco Barbado Viejo.
260 _aMadrid :
_bLa Editorial Católica,
_c1963.
300 _aXXIV, 963 p. ;
_c20 cm.
490 1 _aBiblioteca de autores cristianos ;
_v223
700 0 _aAlonso Lobo, Arturo.
_920347
700 1 _aAlonso Morán, Sabino,
_d1890-
_920365
700 1 _aBarbado Viejo, Francisco,
_cObispo de Salamanca.
_9139678
710 2 _aIglesia Católica.
_tCodex juris canonici, 1917
_9140039
830 0 0 _aBiblioteca de autores cristianos
_v223
_9178679
852 _aES-MaACL
_jJ-218
_9R.46092
999 _c171238
_d171238